000 00486nam a2200169 4500
003 SEACOMMC
005 20250508114637.0
008 250324b |||||||| |||| 00| 0 eng d
020 _a 978-81-272-5087-4
_cRs.140.00
040 _aSEACOMMC
082 _a005
_bG 977
100 _aGupta,Mohit
245 1 _aSocial Research Methods : BBA 6th SEM /
_cMohit Gupta [and] Navdeep Agarwal
260 _a Kolkata
_b kalyani Publishers
_c c2009
650 _a Research Methodology
942 _cBOOK
999 _c1140
_d1140